Banking and financial institutions / (Record no. 98780)

MARC details
000 -LEADER
fixed length control field 00844nam a22002417a 4500
003 - CONTROL NUMBER IDENTIFIER
control field URS
005 - DATE AND TIME OF LATEST TRANSACTION
control field 20260223164113.0
008 - FIXED-LENGTH DATA ELEMENTS--GENERAL INFORMATION
fixed length control field 260214t2025 ph ||||| |||| 001 0 eng d
020 ## - INTERNATIONAL STANDARD BOOK NUMBER
International Standard Book Number 9786210451740
040 ## - CATALOGING SOURCE
Original cataloging agency DLC
Language of cataloging DLC
Transcribing agency DLC
Modifying agency URS
-- DLC
Description conventions rda
082 ## - DEWEY DECIMAL CLASSIFICATION NUMBER
Classification number 332.1
Item number A188 2025
Edition number First Edition
100 ## - MAIN ENTRY--PERSONAL NAME
Personal name Alvior, Elizabeth B.,
Relator term authors.
245 ## - TITLE STATEMENT
Title Banking and financial institutions /
Statement of responsibility, etc. Elizabeth B. Alvior, and Rosemarie F. Magno.
264 ## - PRODUCTION, PUBLICATION, DISTRIBUTION, MANUFACTURE, AND COPYRIGHT NOTICE
Place of production, publication, distribution, manufacture Sampaloc, Manila:
Name of producer, publisher, distributor, manufacturer Rex Book Store, Inc.,
Date of production, publication, distribution, manufacture, or copyright notice [2025]
300 ## - PHYSICAL DESCRIPTION
Extent xi, 246 pages
Other physical details Illustration
Dimensions 26 cm.
336 ## - CONTENT TYPE
Source rdacontent
Content type term text
Content type code txt
337 ## - MEDIA TYPE
Source rdamedia
Media type term unmediated
Media type code n
338 ## - CARRIER TYPE
Source rdacarrier
Carrier type term volume
Carrier type code nc
504 ## - BIBLIOGRAPHY, ETC. NOTE
Bibliography, etc. note Includes bibliographical references (pages 237-238), and indexes.
650 ## - SUBJECT ADDED ENTRY--TOPICAL TERM
Topical term or geographic name entry element Banks and banking.
700 ## - ADDED ENTRY--PERSONAL NAME
Personal name Magno, Rosemarie F.,
Relator term authors.
942 ## - ADDED ENTRY ELEMENTS (KOHA)
Source of classification or shelving scheme Dewey Decimal Classification
Koha item type Filipiniana
Holdings
Withdrawn status Source of classification or shelving scheme Damaged status Not for loan Home library Current library Shelving location Date acquired Total Checkouts Full call number Barcode Date last seen Copy number Price effective from Koha item type
  Dewey Decimal Classification     Pililla College Library Pililla College Library Filipiniana Section 02/14/2026   332.1 A188 2025 URSPIL-7353 02/14/2026 1 02/14/2026 Filipiniana
  Dewey Decimal Classification     Pililla College Library Pililla College Library Filipiniana Section 02/14/2026   332.1 A188 2025 URSPIL-7354 02/16/2026 2 02/14/2026 Filipiniana

University of Rizal System
Email us at univlibservices@urs.edu.ph

Visit our Website www.urs.edu.ph/library